000
00259nam a2200097Ia 4500
001
988512
005
20250826221139.0
008
250824s9999 xx 000 0 und d
245
0
_a
SHERLOCK HOLMES_KANIT PEŞİNDE
_c
ARTHUR CONAN DOYLE
260
_b
DOKUZ YAYINCILIK
999
_c
988512
_d
988512